Inovácia štúdijných programov na štúdijných odboroch manažment a ekonomika a manažment podniku

Akademické vzdelávanie v manažmente a podnikovej ekonomike. Náčrt histórie vzdelávania v manažmente. Formovanie vzdelávania v manažmente a podnikovej ekonomike na Slovensku. Analýza štúdijných programov v štúdijných odboroch manažment a ekonomika a manažment podniku.

Gespeichert in:
Bibliographische Detailangaben
1. Verfasser: Slávik, Štefan, 1955-
Format: Buchkapitel
Sprache:Slowakisch
Schlagworte:
Tags: Tag hinzufügen
Keine Tags, Fügen Sie das erste Tag hinzu!

MARC

LEADER 00000naa$a2200000$$$4500
001 0110607
005 20240711085950.7
041 0 |a slo 
044 |a SK 
245 1 0 |a Inovácia štúdijných programov na štúdijných odboroch manažment a ekonomika a manažment podniku  |c Štefan Slávik 
520 |a Akademické vzdelávanie v manažmente a podnikovej ekonomike. Náčrt histórie vzdelávania v manažmente. Formovanie vzdelávania v manažmente a podnikovej ekonomike na Slovensku. Analýza štúdijných programov v štúdijných odboroch manažment a ekonomika a manažment podniku. 
610 2 0 |a vzdelávanie 
610 2 0 |a programy študijné 
610 2 0 |a riadenie podnikové 
610 2 0 |a manažment 
610 2 0 |a Slovensko 
100 1 |a Slávik, Štefan, 1955-